Towards a gendered theory of social change /
Kaydedildi:
| Yazar: | |
|---|---|
| Diğer Yazarlar: | |
| Materyal Türü: | Metin |
| Etiketler: |
Etiketle
Etiket eklenmemiş, İlk siz ekleyin!
|
MARC
| LEADER | 00000 a a2200000 04500 | ||
|---|---|---|---|
| 001 | 41517 | ||
| 003 | |||
| 040 | |||
| 100 | |a Fluehr-Lobban, Carolyn | ||
| 245 | |a Towards a gendered theory of social change / |c Carolyn Fluehr-Lobban; Janet Mancini Billson | ||
| 700 | |a Mancini Billson, Janet | ||
| 773 | |g páginas 374-388 | ||
| 999 | |c 24775 |d 24775 | ||
